La estrategia militar norteamericana y las luchas de liberación nacional en América Latina
Escribe algunas notas sobre el problema militar desde la perspectiva de la izquierda latinoamericana ante la estrategia militar de los Estados Unidos - Enumera, brevemente, los aportes marxistas a la teoría de la guerra. Relaciona la correlación de fuerzas, objetivas y subjetivas, favorables al camb...
Wedi'i Gadw mewn:
| Prif Awdur: | |
|---|---|
| Fformat: | Texto |
| Cyhoeddwyd: |
México:
UNAM
|
| Tagiau: |
Ychwanegu Tag
Dim Tagiau, Byddwch y cyntaf i dagio'r cofnod hwn!
|
MARC
| LEADER | 00000 a a2200000 04500 | ||
|---|---|---|---|
| 001 | 20576 | ||
| 003 | |||
| 040 | |||
| 090 | |a 086700 | ||
| 100 | |a Cavalla Rojas, Antonio | ||
| 245 | |a La estrategia militar norteamericana y las luchas de liberación nacional en América Latina | ||
| 260 | |a México: |b UNAM | ||
| 300 | |a 45 p. | ||
| 520 | |a Escribe algunas notas sobre el problema militar desde la perspectiva de la izquierda latinoamericana ante la estrategia militar de los Estados Unidos - Enumera, brevemente, los aportes marxistas a la teoría de la guerra. Relaciona la correlación de fuerzas, objetivas y subjetivas, favorables al cambio con el triunfo de las revoluciones sociales (anticolonialistas o antiimperialistas y antioligarquicas). Declara que es necesario sustentar una política militar para que haya posibilidad de desarrollar una estrategia revolucionaria. Delinea la estrategia militar de Estados Unidos después de la Segunda Guerra Mundial y hasta la actualidad. Informa sobre posibles instituciones y fuentes de intervención, económica y militar, de Estados Unidos en América Latina | ||
| 999 | |c 13160 |d 13160 | ||
